Language Quiz

Random Language or Letter Quiz
Score 0/55 Timer 05:00
3 Plays Today
% Correct
oat
90.8%
oar
90.6%
oak
85.9%
ode
84%
oaf
83.9%
ore
80%
one
74.9%
off
72.7%
odd
72.4%
ole
71.3%
obe
70.3%
owe
69.8%
out
66.4%
oil
64.9%
old
64.6%
obi
63.1%
own
62%
owl
60.8%
oba
60.6%
orb
58.4%
ort
56.1%
our
55.8%
ope
55.1%
oda
52.9%
oca
52.2%
orc
50.4%
ohm
50.3%
oft
47.5%
% Correct
opt
47.2%
ors
47.1%
org
46.5%
ora
42.4%
ova
42.1%
oho
41.9%
och
41.8%
ooh
41.6%
opa
40.5%
ons
37.8%
oke
37.4%
ops
37.3%
ono
36%
ose
35.9%
oma
33.6%
ods
33.3%
ohs
30.8%
oof
29.2%
oot
26.4%
oka
25.4%
oik
24.8%
owt
22.7%
oms
22.2%
oxo
21.8%
oxy
20.7%
oes
20.3%
oud
16.4%
Remove Ads.
Support Sporcle.
Get the best of Sporcle when you Go Orange. This ad-free experience offers more features, more stats, and more fun while also helping to support Sporcle. Thank you for becoming a member.

You're not logged in!

Compare scores with friends on all Sporcle quizzes.
OR
Log In

Show Comments

Extras

Top Quizzes Today


Score Distribution

Your Account Isn't Verified!

In order to create a playlist on Sporcle, you need to verify the email address you used during registration. Go to your Sporcle Settings to finish the process.

Report this User

Report this user for behavior that violates our Community Guidelines.

Details: